[Event "AUTO-ELITE-1441"]
[Site "http://www.queenalice.com/game.php?id=1338725"]
[Date "2015.2.1"]
[Round "1"]
[White "TigranPetrosian"]
[Black "scrappy369"]
[Result "1/2-1/2"]
[WhiteElo "2257"]
[BlackElo "2393"]

1. e4 c6 2. d4 d5 3. Nc3 dxe4 4. Nxe4 Bf5 5. Ng3 Bg6 6. h4 h6 7. h5 Bh7 8. Nf3
e6 9. Bd3 Bxd3 10. Qxd3 Nf6 11. Bd2 Nbd7 12. O-O-O Qc7 13. Ne4 O-O-O 14. Kb1 Ng4
15. Qe2 Ndf6 16. Nxf6 gxf6 17. c4 Rg8 18. g3 Be7 19. Bc3 f5 20. Ne5 Nxe5 21.
dxe5 Bg5 22. b3 Rxd1+ 23. Rxd1 Rd8 24. Kc2 Rxd1 25. Qxd1 Qb6 26. Bd4 Qa5 27. a4
c5 28. Bc3 Qc7 29. f4 Be7 30. Qf3 Qd8 31. g4 Qg8 32. gxf5 1/2-1/2

[Event "AUTO-ELITE-1444"]
[Site "http://www.queenalice.com/game.php?id=1339509"]
[Date "2015.2.5"]
[Round "1"]
[White "scrappy369"]
[Black "ticoracer"]
[Result "0-1"]
[WhiteElo "2388"]
[BlackElo "2272"]

1. d4 d5 2. Nf3 Bf5 3. c4 e6 4. Nc3 Nf6 5. Bg5 c6 6. e3 Nbd7 7. cxd5 exd5 8. Bd3
Bxd3 9. Qxd3 Be7 10. O-O O-O 11. Bf4 Nh5 12. Rfe1 Re8 13. h3 Nxf4 14. exf4 Nb6
15. b3 Qc7 16. g3 Bb4 17. Ng5 g6 18. Kg2 Nd7 19. Nf3 Kg7 20. Ne5 Nf6 21. Rac1
Re7 22. f5 Rae8 23. a3 Bxa3 0-1

[Event "AUTO-ELITE-1444"]
[Site "http://www.queenalice.com/game.php?id=1339510"]
[Date "2015.2.5"]
[Round "1"]
[White "ticoracer"]
[Black "scrappy369"]
[Result "1-0"]
[WhiteElo "2256"]
[BlackElo "2403"]

1. e4 c6 2. d4 d5 3. Nc3 dxe4 4. Nxe4 Bf5 5. Ng3 Bg6 6. Nf3 e6 7. Bd3 Bxd3 8.
Qxd3 Nd7 9. O-O Ngf6 10. Bf4 Be7 11. c4 O-O 12. Rfe1 h6 13. a3 Re8 14. Ne2 Nh5
15. Bd2 a5 16. Nc3 Qc7 17. Rad1 Rad8 18. Bc1 Nhf6 19. Qe2 Rc8 20. Ne5 Nxe5 21.
dxe5 Nd7 22. Qh5 Red8 23. Rd3 Nc5 24. Rf3 1-0

[Event "AUTO-ELITE-1444"]
[Site "http://www.queenalice.com/game.php?id=1339511"]
[Date "2015.2.5"]
[Round "1"]
[White "scrappy369"]
[Black "vivafischer"]
[Result "1-0"]
[WhiteElo "2397"]
[BlackElo "2278"]

1. d4 d5 2. Nf3 Nf6 3. c4 c6 4. Nc3 e6 5. e3 Nbd7 6. Bd2 Bd6 7. Bd3 O-O 8. O-O
dxc4 9. Bxc4 e5 10. Qc2 Qe7 11. b3 e4 12. Ng5 Bxh2+ 13. Kxh2 Ng4+ 14. Kg1 Qxg5
15. Qxe4 Ndf6 16. Qf3 Qh4 17. Qh3 Qxh3 18. gxh3 Nh6 19. Kg2 Nf5 20. f3 Re8 21.
Rae1 Be6 22. Bd3 Rad8 23. Ne4 Nxe4 24. fxe4 Ne7 25. Rc1 f6 26. Kg3 Bf7 27. Rf4
Nc8 28. Bb4 Bg6 29. Kf3 Bh5+ 30. Kf2 Bg6 31. Rg1 Rd7 32. Bc4+ Bf7 33. Rxf6 Rxe4
34. Bd3 Re8 35. h4 Re6 36. Rf3 Nd6 37. Rf4 a6 38. Bc5 h6 39. e4 Nc8 40. e5 b6
41. Ba3 Re8 42. Bf5 Rd5 43. Bh7+ Kxh7 44. Rxf7 Rg8 45. Bf8 Rxd4 46. Ke3 1-0

[Event "AUTO-ELITE-1444"]
[Site "http://www.queenalice.com/game.php?id=1339512"]
[Date "2015.2.5"]
[Round "1"]
[White "vivafischer"]
[Black "scrappy369"]
[Result "0-1"]
[WhiteElo "2314"]
[BlackElo "2377"]

1. d4 Nf6 2. c4 e6 3. Nc3 d5 4. Bg5 Bb4 5. Nf3 O-O 6. e3 Nc6 7. Bd3 h6 8. Bxf6
Qxf6 9. O-O dxc4 10. Bxc4 a5 11. a3 Bxc3 12. bxc3 b6 13. e4 Bb7 14. Qe2 a4 15.
Ba2 Qe7 16. Bb1 Na5 17. Ne5 c5 18. Bc2 Nb3 19. Ra2 cxd4 20. cxd4 Nxd4 21. Qe3
Rfd8 22. f4 b5 23. Nf3 Nxc2 24. Rxc2 b4 25. axb4 Qxb4 26. e5 a3 0-1

[Event "AUTO-MASTER-2175"]
[Site "http://www.queenalice.com/game.php?id=1341198"]
[Date "2015.2.12"]
[Round "2"]
[White "amarkin"]
[Black "scrappy369"]
[Result "1-0"]
[WhiteElo "2442"]
[BlackElo "2229"]

1. e4 e5 2. f4 d6 3. d3 Nc6 4. Nf3 Be7 5. c4 Nf6 6. Be2 O-O 7. O-O Nd4 8. Nxd4
exd4 9. b4 a5 10. b5 c5 11. a4 h6 12. Bf3 Ra7 13. Qe2 Re8 14. Nd2 b6 15. h3 Qc7
16. Bb2 Bb7 17. Rae1 Bd8 18. Qf2 Nd7 19. Qg3 1-0

[Event "AUTO-MASTER-2175"]
[Site "http://www.queenalice.com/game.php?id=1341199"]
[Date "2015.2.12"]
[Round "2"]
[White "scrappy369"]
[Black "amarkin"]
[Result "0-1"]
[WhiteElo "2235"]
[BlackElo "2438"]

1. d4 Nf6 2. c4 g6 3. Nc3 Bg7 4. e4 d6 5. Nf3 O-O 6. Be2 e5 7. dxe5 dxe5 8. Qxd8
Rxd8 9. Bg5 Re8 10. Nd5 Nxd5 11. cxd5 c6 12. d6 f6 13. Be3 Bf8 14. Nd2 Bxd6 15.
O-O-O Be6 16. Nc4 Bf8 17. a3 b6 18. Kb1 c5 19. Nd6 Re7 0-1

[Event "AUTO-MASTER-2175"]
[Site "http://www.queenalice.com/game.php?id=1341202"]
[Date "2015.2.12"]
[Round "2"]
[White "scrappy369"]
[Black "vivafischer"]
[Result "1-0"]
[WhiteElo "2367"]
[BlackElo "2315"]

1. d4 d5 2. Nf3 Nf6 3. c4 c6 4. e3 Bf5 5. Nc3 e6 6. Be2 Nbd7 7. Nh4 Bg6 8. Qb3
Qb6 9. Nxg6 hxg6 10. c5 Qc7 11. f4 b6 12. cxb6 axb6 13. a3 Bd6 14. Bd2 O-O 15.
O-O Ne4 16. Nxe4 dxe4 17. Rac1 Nf6 18. a4 c5 19. Rc4 Qa7 20. Bc3 Nd5 21. dxc5
Nxc3 22. Qxc3 Bxc5 23. Rxe4 Rfd8 24. Bb5 Qa5 25. b4 1-0

[Event "AUTO-MASTER-2175"]
[Site "http://www.queenalice.com/game.php?id=1341203"]
[Date "2015.2.12"]
[Round "2"]
[White "vivafischer"]
[Black "scrappy369"]
[Result "0-1"]
[WhiteElo "2304"]
[BlackElo "2387"]

1. d4 d5 2. c4 c6 3. Nf3 Nf6 4. Nc3 dxc4 5. e4 b5 6. e5 Nd5 7. a4 e6 8. axb5
Nxc3 9. bxc3 cxb5 10. Ng5 Bb7 11. Qh5 g6 12. Qg4 Be7 13. Ne4 O-O 14. Bh6 Re8 15.
Be2 Nd7 16. O-O Bxe4 17. Qxe4 Nb6 18. Ra6 Nd5 19. Bd2 b4 20. cxb4 c3 21. Bh6
Nxb4 22. Raa1 Qc7 23. f4 Rad8 24. Kh1 Qb6 0-1

[Event "Let's Play Chess!"]
[Site "http://www.queenalice.com/game.php?id=1344657"]
[Date "2015.2.28"]
[Round "-"]
[White "dnptrs"]
[Black "scrappy369"]
[Result "0-1"]
[WhiteElo "2185"]
[BlackElo "2381"]

1. d4 Nf6 2. Nf3 d5 3. c4 c6 4. cxd5 cxd5 5. Nc3 Nc6 6. Qb3 e6 7. e3 Bd6 8. Nb5
Be7 9. Bd2 O-O 10. Be2 Ne4 11. O-O Bd7 12. Nc3 Rc8 13. Nxe4 dxe4 14. Ne5 Nxe5
15. dxe5 Ba4 16. Qxa4 Qxd2 17. Rae1 Qd5 18. Qxa7 Rc2 19. b3 Qxe5 20. g3 Bb4 21.
Bd1 Rc1 22. Re2 Rd8 23. Bc2 Rxf1+ 24. Kxf1 Qh5 25. Qb6 Ba5 26. Qxb7 Qf3 0-1

[Event "Let's Play Chess!"]
[Site "http://www.queenalice.com/game.php?id=1344658"]
[Date "2015.2.28"]
[Round "-"]
[White "scrappy369"]
[Black "dnptrs"]
[Result "1-0"]
[WhiteElo "2387"]
[BlackElo "2179"]

1. d4 Nf6 2. c4 e6 3. Nf3 d5 4. Nc3 c6 5. e3 Bd6 6. Bd3 O-O 7. O-O Nbd7 8. Bd2
dxc4 9. Bxc4 e5 10. Qc2 exd4 11. exd4 Nb6 12. Bd3 Nbd5 13. Nxd5 cxd5 14. Rfe1 h6
15. Rac1 Qb6 16. Bc3 Be6 17. Ne5 Rac8 18. a4 Rfe8 19. a5 Qd8 20. a6 b6 21. Bb5
Rf8 22. f3 Bxe5 23. dxe5 Nd7 24. Qf2 Rc7 25. Bd4 Rxc1 26. Rxc1 Qb8 27. f4 f5 28.
Rc6 Re8 29. Rxe6 Rxe6 30. Bxd7 1-0